000 00619nam a2200229Ia 4500
003 OSt
005 20221002053745.0
006 a|||||r|||| 00| 0
007 ta
008 220930b |||||||| |||| 00| 0 per d
024 _a56794
037 _cReference Collections
040 _aCRL
_cCRL
_bper
041 _2per
_aper
082 _aV2:1:L4, 164A,1-.3(RR)
100 _aKhafi Khan
245 0 _aMuntakhab-al-Iubab, ed by Kabir al-Din Ahmad 3 Pts.
260 _c1870
650 _aHISTORY
942 _hV2:1:L4, 164A,1-.3(RR)
_cref
_2CC
999 _c923099
_d923099